000 00521nam a22001697a 4500
005 20251108165201.0
008 250721s1995 xx 000 0 ara d
082 1 4 _a581.634/كيم
245 1 0 _aكيمياء النباتات الطبية /
264 1 _aعمان :
_bالمركز العربي للخدمات الطلابية،
_c1995.
300 _a317ص
650 1 7 _aالنباتات الطبية
650 1 7 _aالأعشاب الطبية
650 1 7 _aالطب الشعبي
942 _2ddc
_cBK
999 _c21555
_d21555